| 000 | 00787nas a2200265 4500 | ||
|---|---|---|---|
| 001 | BR7101017 | ||
| 003 | BR-BrBNA | ||
| 005 | 20231205082338.0 | ||
| 007 | ta | ||
| 008 | 230509b bl.|||p| |||| 00| 00por d | ||
| 040 |
_aBR-BrBNA _bpor _cBiblioteca Nacional de Agricultura |
||
| 041 | _a(En) | ||
| 072 | _aH10 | ||
| 100 | 1 | _aLoureiro, M.C. | |
| 100 | 1 | _aManica, I. | |
| 100 | 1 | _aPinheiro, R.V.R. | |
| 100 | 1 | _aGalvao, J.D. | |
| 245 | 1 | _aPapaya tree (Carica papaya L.), a new host of symphylan (Arthropoda, Symphyla)[mamao, raiz, artropoda] | |
| 650 | _aMAMAO | ||
| 650 | _aARTROPODA | ||
| 650 | _aRAIZ | ||
| 773 | 0 |
_tRevista Ceres (Brazil) _xISSN 0034-737X _g(May-Jun 1971), v. 18(97) p. 253-260 _wBR7101017 |
|
| 909 |
_a202311 _bLúcia _c55 _dLúcia Elande |
||
| 942 |
_2AGRIS _n0 _cANA |
||
| 999 |
_c91060 _d91060 |
||